000
00334 a2200157 4500
001
192596
020
_a
0-940975-24-6
040
_c
Magnum
100
_a
Hudson, Wade
240
1
0
_a
Jamal´s busy day
_l
ING
245
1
0
_a
Jamal´s busy day
300
_a
24
362
0
_a
1991
697
_a
LITERATURA INFANTIL INGLESA
942
_c
BK
999
_c
192596
_d
192596